000 00949cam a2200205 4500
001 WB3745-14
008 011129n2001 000 0 eng u
035 _a(Sirsi) u115797
245 _aReport on RSL groups
260 _c2001
490 _aRICS Residential Faculty News
_v27 November 2001, (1)
520 _aThe Audit Commission's latest report "Group dynamics: group structures and registered social landlords" looks at the main factors that have encouraged larger RSLs to set up as a new group or reorganise an existing group, and how these groups are organised. The report reveals that more RSL groups were registered last year than individual RSLs. Report available at: http://www.audit-commission.gov.uk/publications/groupdynamics.shtml.
590 _aWB
650 _aRSLS
650 _aAUDIT COMMISSION
650 _aSOCIAL HOUSING
650 _aREGISTERED SOCIAL LANDLORDS
690 _aAffordable housing
_96215
942 _n0
999 _c68974
_d68974